<?xml version="1.0" encoding="UTF-8"?>
<record
    xmlns:xsi="http://www.w3.org/2001/XMLSchema-instance"
    xsi:schemaLocation="http://www.loc.gov/MARC21/slim http://www.loc.gov/standards/marcxml/schema/MARC21slim.xsd"
    xmlns="http://www.loc.gov/MARC21/slim">

  <leader>00475nam a22001697a 4500</leader>
  <controlfield tag="005">20250522070038.0</controlfield>
  <controlfield tag="008">250522b        |||||||| |||| 00| 0 eng d</controlfield>
  <datafield tag="020" ind1=" " ind2=" ">
    <subfield code="a">9781292430645</subfield>
  </datafield>
  <datafield tag="040" ind1=" " ind2=" ">
    <subfield code="a">KMU</subfield>
    <subfield code="c">KMU</subfield>
    <subfield code="d">KMU</subfield>
    <subfield code="e">rda</subfield>
  </datafield>
  <datafield tag="050" ind1=" " ind2=" ">
    <subfield code="a">HB171.5</subfield>
  </datafield>
  <datafield tag="100" ind1=" " ind2=" ">
    <subfield code="a">Hubbard, Glenn</subfield>
  </datafield>
  <datafield tag="245" ind1=" " ind2=" ">
    <subfield code="a">Economics</subfield>
    <subfield code="b">/</subfield>
    <subfield code="c">Hubbard, Glenn and  O'Brien P. Anthony</subfield>
  </datafield>
  <datafield tag="260" ind1=" " ind2=" ">
    <subfield code="a">United Kingdom;</subfield>
    <subfield code="b">Pearson Education Ltd.,</subfield>
    <subfield code="c">2022.</subfield>
  </datafield>
  <datafield tag="300" ind1=" " ind2=" ">
    <subfield code="a">1144 p.:</subfield>
    <subfield code="c">28 cm.</subfield>
  </datafield>
  <datafield tag="650" ind1=" " ind2=" ">
    <subfield code="a">Economics.</subfield>
  </datafield>
  <datafield tag="942" ind1=" " ind2=" ">
    <subfield code="2">lcc</subfield>
    <subfield code="c">BK</subfield>
    <subfield code="n">0</subfield>
  </datafield>
  <datafield tag="999" ind1=" " ind2=" ">
    <subfield code="c">1869</subfield>
    <subfield code="d">1869</subfield>
  </datafield>
  <datafield tag="952" ind1=" " ind2=" ">
    <subfield code="0">0</subfield>
    <subfield code="1">0</subfield>
    <subfield code="2">lcc</subfield>
    <subfield code="4">0</subfield>
    <subfield code="7">0</subfield>
    <subfield code="8">NFIC</subfield>
    <subfield code="a">CPL</subfield>
    <subfield code="b">CPL</subfield>
    <subfield code="c">OA</subfield>
    <subfield code="d">2025-05-22</subfield>
    <subfield code="e">ZLS</subfield>
    <subfield code="l">2</subfield>
    <subfield code="o">HB 171.5 Hub</subfield>
    <subfield code="p">301271</subfield>
    <subfield code="r">2025-09-18 00:00:00</subfield>
    <subfield code="s">2025-09-04</subfield>
    <subfield code="w">2025-05-22</subfield>
    <subfield code="y">BK</subfield>
  </datafield>
</record>
